000 00998nam a22002417a 4500
005 20240530110544.0
008 160519s2014 su ak f b 000 0 ara d
017 _a1434/8332
_bالسعودية . مكتبة الملك فهد الوطنية
020 _a9786038139158
040 _aEG-CaGPL
082 0 4 _221
_a320.072\
_bم أ
100 0 _aمحمد احمد عدوى
245 1 0 _aاصول البحث فى العلوم السياسية :
_bالمناهج و الادوات و الاساليب الكيفية و الكمية /
_cمحمد احمد عدوى ، حسن عدلى
250 _aط. 1
260 _aالرياض :
_bدار الزهراء ،
_c2014 .
300 _a322 ص. :
_bايض ؛
_e24 سم .
504 _aيشتمل على ارجاعات ببليوجرافية
650 0 4 _aالعلوم السياسية
_xبحوث
650 0 4 _aالحقوق السياسية
650 0 4 _aالحقوق المدنية
700 0 _aحسن عدلى
_eمؤلف مشارك
942 _2ddc
_cBK
999 _c62318
_d62318